LIBRARY & INFORMATION CENTRE, KCAET, TAVANUR

ONLINE PUBLIC ACCESS CATALOGUE (OPAC)

Studies on consumptive use of water for wetland paddy in Tavanur region (Record no. 15325)

MARC details
000 -LEADER
fixed length control field 00519nam a22001697a 4500
082 ## - DEWEY DECIMAL CLASSIFICATION NUMBER
Classification number 631.37
Item number ABD/ST
100 ## - MAIN ENTRY--AUTHOR NAME
Personal name ABDUL HAKKIM, V. M
245 ## - TITLE STATEMENT
Title Studies on consumptive use of water for wetland paddy in Tavanur region
260 ## - PUBLICATION, DISTRIBUTION, ETC. (IMPRINT)
Place of publication Tavanur
Name of publisher Kelappaji Collge of Agricultural Engineering and Technology
Year of publication 1990
300 ## - PHYSICAL DESCRIPTION
Number of Pages 93
500 ## - GENERAL NOTE
General note Project report
520 ## - SUMMARY, ETC.
Summary, etc Project report
700 ## - ADDED ENTRY--PERSONAL NAME
Personal name Abdul Wahab V. M
700 ## - ADDED ENTRY--PERSONAL NAME
Personal name Asha Joseph
700 ## - ADDED ENTRY--PERSONAL NAME
Personal name Saji M. Kuriakose
942 ## - ADDED ENTRY ELEMENTS (KOHA)
Koha item type Project Report
Holdings
Withdrawn status Lost status Damaged status Home library Current library Date acquired Full call number Accession Number Koha item type
      KAUAET KAUAET 05/01/1990 631.37 ABD/ST 16581 Project Report
free website counter